La productividad en el mantenimiento industrial / Enrique Dounce Villanueva (Registro nro. 25974)
[ vista simple ]
| 000 -LÍDER | |
|---|---|
| fixed length control field | 00437nam a2200145 4500 |
| 020 ## - NÚMERO INTERNACIONAL NORMALIZADO PARA LIBROS | |
| ISBN | 978-607-438-068-2 |
| 050 ## - SIGNATURA TOPOGRAFICA DE LA BIBLIOTECA DEL CONGRESO (LC) | |
| Número de Clasificación | TS192 D68 2009 |
| 082 ## - NUMERO DE CLASIFICACION DECIMAL DEWEY | |
| Número de Clasificación | 658.202 D726p |
| 100 ## - ASIENTO PRINCIPAL--NOMBRE PERSONAL | |
| Nombre personal | Dounce Villanueva, Enrique |
| 245 ## - TÍTULO | |
| Título | La productividad en el mantenimiento industrial / Enrique Dounce Villanueva |
| 250 ## - MENCIÓN DE EDICIÓN | |
| Mención de edición | 3a. ed |
| 260 ## - PUBLICACIÓN, DISTRIBUCIÓN, ETC. (PIE DE IMPRENTA) | |
| Lugar de publicación, distribución, etc. | México : Patria |
| 300 ## - DESCRIPCIÓN FÍSICA | |
| Extensión | x, 273 p. / 23 cm |
| 650 ## - ASIENTO SECUNDARIO DE MATERIA - TERMINO TEMÁTICO | |
| Término temático o nombre geográfico como elemento de entrada | 1. PRODUCTIVIDAD 2. MANTENIMIENTO INDUSTRIAL |
| No. biblioteca | No. biblioteca | Número de clasificación | Código de barras/Número de adquisición | Número de copia | Tipo de material |
|---|---|---|---|---|---|
| ÁREA DE INDUSTRIAL | ÁREA DE INDUSTRIAL | 658.202 D726p | 49859 | 1 | Libros |
| ÁREA DE INDUSTRIAL | ÁREA DE INDUSTRIAL | 658.202 D726p | 50159 | 2 | Libros |
| ÁREA DE INDUSTRIAL | ÁREA DE INDUSTRIAL | 658.202 D726p | 50160 | 3 | Libros |
| ÁREA DE INDUSTRIAL | ÁREA DE INDUSTRIAL | 658.202 D726p | 50161 | 4 | Libros |
